LDR 01178naa#a2200229#i#450# 001 RU\\bibl\117167 005 20260417102438.5 011 ## _a2782-5957 100 ## _a20260330b2026####ek#y0rusy0150####ca 102 ## _aRU 200 1# _aТЕРМОДИНАМИЧЕСКИЙ МЕТОД ДИАГНОСТИРОВАНИЯ ОБЪЕМНЫХ ГИДРОМАШИН СТРОИТЕЛЬНЫХ ЭКСКАВАТОРОВ _eЖурнальная статья 210 1# _aБрянск _cБрянский государственный технический университет _d2026 215 ## _a8 с. 608 ## _aЖурнальная статья _2local 675 ## _aБалочные мосты (мосты с балками, со сплошными стенками). 624.27 _z 686 ## _aОбщее машиностроение. Машиноведение. 344 _2bbk 700 #1 _aЕмельянов _gРюрик Тимофеевич 700 #1 _aПотапов _gАлексей Евгеньевич 700 #1 _aОленев _gИгорь Борисович 700 #1 _aТурышева _gЕвгения Сергеевна 700 #1 _aНекрасов _gИлья Олегович 856 4# _azh-szf.ru _u